Genetic diversity in Phytophthora spp. causing abnormal leaf fall disease of rubber (Hevea brasiliensis) attributed to the existence of sexual reproduction (Record no. 53115)

MARC details
000 -LEADER
fixed length control field 00456nam a2200121Ia 4500
100 ## - MAIN ENTRY--AUTHOR NAME
Personal name Roy C B
245 #0 - TITLE STATEMENT
Title Genetic diversity in Phytophthora spp. causing abnormal leaf fall disease of rubber (Hevea brasiliensis) attributed to the existence of sexual reproduction
260 ## - PUBLICATION, DISTRIBUTION, ETC. (IMPRINT)
Name of publisher Proceedings of the 21st Kerala Science Congress, 2009, pp. 575-577.
700 ## - ADDED ENTRY--PERSONAL NAME
Personal name Jacob C K
700 ## - ADDED ENTRY--PERSONAL NAME
Personal name Saha T
942 ## - ADDED ENTRY ELEMENTS (KOHA)
Koha item type Bibliography STAF
Holdings
Withdrawn status Lost status Damaged status Not for loan Home library Current library Date acquired Koha item type
      Bibliography RRII Library RRII Library 09/04/2014 Bibliography STAF